Library Banner

مسئلہ جہاد کشمیراور اسکی مختصر تاریخ (Record no. 65946)

MARC details
000 -LEADER
fixed length control field 00457nam a22001457a 4500
005 - DATE AND TIME OF LATEST TRANSACTION
control field 20150206150933.0
008 - FIXED-LENGTH DATA ELEMENTS--GENERAL INFORMATION
fixed length control field 150206b xxu||||| |||| 00| 0 eng d
040 ## - CATALOGING SOURCE
Transcribing agency PK-LaUMT
082 ## - DEWEY DECIMAL CLASSIFICATION NUMBER
Classification number KHC 297.7209
Item number ABU-M
100 ## - MAIN ENTRY--PERSONAL NAME
Personal name ابو سلیمان فضل
245 ## - TITLE STATEMENT
Title مسئلہ جہاد کشمیراور اسکی مختصر تاریخ
Statement of responsibility, etc ابو سلیمان فضل
260 ## - PUBLICATION, DISTRIBUTION, ETC. (IMPRINT)
Place of publication, distribution, etc کراچی
Name of publisher, distributor, etc دین محمدی پریس
Date of publication, distribution, etc 1948
300 ## - PHYSICAL DESCRIPTION
Extent 281 ص
942 ## - ADDED ENTRY ELEMENTS (KOHA)
Koha item type Books
Holdings
Withdrawn status Lost status Damaged status Home library Current library Date acquired Full call number Barcode Date last seen Price effective from Koha item type
      UMT Main Campus UMT Main Campus 2015-02-06 KHC 297.7209 ABU-M 74903 2015-02-06 2015-02-06 Books